[Event "TUR Cup"]
[Site "Denizli"]
[Date "2023.07.22"]
[Round "9"]
[White "Ozen, Metehan"]
[Black "Kurdas, Halil Ibrahim"]
[Result "1-0"]
[WhiteElo "2043"]
[BlackElo "1736"]
[PlyCount "71"]
[EventDate "2023.07.16"]
[EventType "team-tourn"]
[EventRounds "9"]
[EventCountry "TUR"]
[SourceTitle "CBM 215 Extra"]
[Source "ChessBase"]
[SourceDate "2023.09.30"]
[SourceVersion "1"]
[SourceVersionDate "2023.09.30"]
[SourceQuality "1"]

1. d4 d5 2. c4 e6 3. g3 Nf6 4. Bg2 c6 5. Nf3 Bb4+ 6. Nbd2 Nbd7 7. 0-0 0-0 8. Qc2 b6 9. b3 Bb7 10. Bb2 Rc8 11. a3 Bxd2 12. Nxd2 c5 13. dxc5 Nxc5 14. Rfd1 Qe7 15. cxd5 Nxd5 16. b4 Nd7 17. Qb3 b5 18. a4 bxa4 19. Rxa4 a6 20. e4 N5b6 21. Raa1 Rfd8 22. Bd4 e5 23. Be3 Rc6 24. Bf1 Nb8 25. Bc5 Qc7 26. Nc4 Nxc4 27. Bxc4 Rf6 28. Rxd8+ Qxd8 29. Rd1 Qe8 30. Qd3 Nc6 31. Qd7 Qa8 32. Be7 Rf3 33. Kg2 Rc3 34. Bd8 h6 35. Qxf7+ Kh7 36. Qg8+ 1-0

[Event "TUR Cup"]
[Site "Denizli"]
[Date "2023.07.20"]
[Round "7"]
[White "Ulupinar, Furkan"]
[Black "Kurdas, Halil Ibrahim"]
[Result "0-1"]
[WhiteElo "1605"]
[BlackElo "1736"]
[PlyCount "52"]
[EventDate "2023.07.16"]
[EventType "team-tourn"]
[EventRounds "9"]
[EventCountry "TUR"]
[SourceTitle "CBM 215 Extra"]
[Source "ChessBase"]
[SourceDate "2023.09.30"]
[SourceVersion "1"]
[SourceVersionDate "2023.09.30"]
[SourceQuality "1"]

1. e4 c5 2. Nf3 d6 3. d4 cxd4 4. Nxd4 Nf6 5. Nc3 a6 6. a3 e6 7. g4 h6 8. g5 hxg5 9. Bxg5 Be7 10. Qd2 Nbd7 11. 0-0-0 Qc7 12. f4 b5 13. Bg2 Bb7 14. Bxf6 gxf6 15. Qf2 Nb6 16. e5 d5 17. Rhe1 f5 18. Nf3 Nc4 19. Rd3 b4 20. axb4 Bxb4 21. Rh1 Qa5 22. Nb1 Qa2 23. c3 Ba3 24. Nxa3 Nxa3 25. Qb6 Qb1+ 26. Kd2 Nc4+ 0-1

[Event "TUR Cup"]
[Site "Denizli"]
[Date "2023.07.17"]
[Round "3"]
[White "Bacak, Muhammed Kaan"]
[Black "Kurdas, Halil Ibrahim"]
[Result "0-1"]
[WhiteElo "2082"]
[BlackElo "1736"]
[PlyCount "120"]
[EventDate "2023.07.16"]
[EventType "team-tourn"]
[EventRounds "9"]
[EventCountry "TUR"]
[SourceTitle "CBM 215 Extra"]
[Source "ChessBase"]
[SourceDate "2023.09.30"]
[SourceVersion "1"]
[SourceVersionDate "2023.09.30"]
[SourceQuality "1"]

1. Nf3 e6 2. g3 d5 3. Bg2 Nf6 4. c4 c6 5. Qc2 Nbd7 6. d4 Bd6 7. 0-0 0-0 8. Nbd2 Re8 9. Rd1 e5 10. dxe5 Nxe5 11. cxd5 cxd5 12. Nb3 Neg4 13. Nfd4 Bd7 14. Bg5 Rc8 15. Qd2 h6 16. Bf4 Qb6 17. Bxd6 Qxd6 18. h3 Ne5 19. Qf4 Qb6 20. Rac1 Nc4 21. Rc2 a5 22. Qc1 a4 23. Nd2 Nd6 24. N2f3 Nde4 25. Rxc8 Rxc8 26. Qb1 Qc5 27. Qd3 Bf5 28. Qb5 Qxb5 29. Nxb5 Bd7 30. Nbd4 b5 31. a3 Rb8 32. Nc2 Be6 33. Nfd4 Nd6 34. Nb4 Nc4 35. Nd3 Ne4 36. Rc1 Ned6 37. Rc2 Kf8 38. Kf1 Bf5 39. Bxd5 Bxh3+ 40. Ke1 Bd7 41. Nc5 Be8 42. Na6 Rc8 43. e4 g5 44. Ke2 Rd8 45. f3 h5 46. Nc5 g4 47. f4 Nxe4 48. Nce6+ fxe6 49. Nxe6+ Ke7 50. Nxd8 Nxg3+ 51. Kf2 Bg6 52. Rc3 h4 53. Bxc4 Ne4+ 54. Ke3 Nxc3 55. bxc3 bxc4 56. Nc6+ Kd6 57. Ne5 Bf5 58. Nxc4+ Kc5 59. Ne5 h3 60. Kf2 h2 0-1

[Event "TUR Cup"]
[Site "Adapazari"]
[Date "2022.03.30"]
[Round "8"]
[White "Kurdas, Halil Ibrahim"]
[Black "Ulu, Ekrem"]
[Result "0-1"]
[WhiteElo "1833"]
[BlackElo "1696"]
[PlyCount "172"]
[EventDate "2022.03.25"]
[EventType "swiss"]
[EventRounds "11"]
[EventCountry "TUR"]
[SourceTitle "EXT 2023"]
[Source "ChessBase"]
[SourceDate "2022.10.05"]
[SourceVersion "1"]
[SourceVersionDate "2022.10.05"]
[SourceQuality "1"]

1. Nf3 d5 2. g3 Bf5 3. Bg2 e6 4. d4 Nd7 5. Bf4 Ngf6 6. 0-0 Be7 7. c4 c6 8. Nbd2 Ne4 9. Qb3 g5 10. Be3 Rb8 11. Ne5 Nxd2 12. Bxd2 Nxe5 13. dxe5 dxc4 14. Qc3 Qc7 15. Qxc4 Rd8 16. Rad1 0-0 17. Bc3 Rxd1 18. Rxd1 Rd8 19. Rf1 Qb6 20. b4 Rd7 21. a4 Qd8 22. Qb3 Bg4 23. Qc2 Bf5 24. e4 Bg6 25. a5 a6 26. f4 Bh5 27. h3 gxf4 28. gxf4 Rd1 29. f5 Rxf1+ 30. Bxf1 Qd1 31. Qg2+ Kh8 32. f6 Bf8 33. Bd2 Bf3 34. Qf2 Bxe4 35. Qe3 Qf3 36. Qxf3 Bxf3 37. Kf2 Bd5 38. Bd3 c5 39. bxc5 Bxc5+ 40. Be3 Bb4 41. Bb6 Bc3 42. Bc7 Bd4+ 43. Kg3 h6 44. Be2 Kg8 45. Bf3 Bxf3 46. Kxf3 Kf8 47. Ke4 Bf2 48. Kd3 Ke8 49. Bd6 Kd7 50. Bb4 Kc6 51. Kc4 b5+ 52. axb6 Kxb6 53. Bd2 h5 54. Bc3 Kc6 55. Bb4 Kb6 56. Ba3 Be1 57. Bc5+ Kc6 58. Bd4 a5 59. Bc5 Bb4 60. Bd4 Be1 61. Bc5 Bg3 62. Bd4 Be1 63. Bc5 Bd2 64. Bd4 Bc1 65. Kb3 Kd5 66. Bc3 Bf4 67. Bxa5 Bxe5 68. Bd8 Ke4 69. Kc4 Kf5 70. Kd3 Bxf6 71. Bb6 Kf4 72. Bc7+ Be5 73. Bd8 Bd6 74. Ke2 Kg3 75. h4 f5 76. Bf6 f4 77. Bg5 e5 78. Bf6 e4 79. Bg5 Bc5 80. Bf6 f3+ 81. Kf1 e3 82. Be5+ Kxh4 83. Bc3 Kg4 84. Bd2 h4 85. Bc3 h3 86. Kg1 f2+ 0-1

[Event "Kirsehir Ahilik op"]
[Site "Kirsehir"]
[Date "2021.09.16"]
[Round "6"]
[White "Hatirli, Ugur Can"]
[Black "Kurdas, Halil Ibrahim"]
[Result "1-0"]
[WhiteElo "1738"]
[BlackElo "1872"]
[PlyCount "67"]
[EventDate "2021.09.13"]
[EventType "swiss"]
[EventRounds "9"]
[EventCountry "TUR"]
[SourceTitle "CBM 204 Extra"]
[Source "ChessBase"]
[SourceDate "2021.11.30"]
[SourceVersion "1"]
[SourceVersionDate "2021.11.30"]
[SourceQuality "1"]

1. c4 e6 2. Nc3 Nf6 3. Nf3 d5 4. d4 c6 5. cxd5 exd5 6. Bg5 Be7 7. e3 h6 8. Bh4 0-0 9. Bd3 Ne4 10. Bxe7 Qxe7 11. Qc2 Re8 12. 0-0 Nd7 13. Rfe1 b6 14. Nd2 Ndf6 15. Ncxe4 dxe4 16. Bf1 Bb7 17. Rac1 Qe6 18. a4 Rac8 19. b4 Qd6 20. Qb1 Ng4 21. g3 Qf6 22. Re2 Qg6 23. h3 Nf6 24. Nc4 Nd5 25. Bg2 f5 26. Rec2 h5 27. Qb3 Kh7 28. h4 Qf6 29. Ne5 Rxe5 30. dxe5 Qxe5 31. Rd2 Rg8 32. Qd1 Nf6 33. Rd7 Nxd7 34. Qxh5# 1-0

[Event "TUR-chT 1st League"]
[Site "Konya"]
[Date "2019.07.25"]
[Round "5.11"]
[White "Kurdas, Halil Ibrahim"]
[Black "Tarhan, Adar"]
[Result "1-0"]
[WhiteElo "1894"]
[BlackElo "1972"]
[PlyCount "129"]
[EventDate "2019.07.22"]
[EventType "team-swiss"]
[EventRounds "9"]
[EventCountry "TUR"]
[SourceTitle "CBM 191 Extra"]
[Source "ChessBase"]
[SourceDate "2019.09.30"]
[SourceVersion "1"]
[SourceVersionDate "2019.09.30"]
[SourceQuality "1"]
[WhiteTeam "Ankara DSI Genclik"]
[BlackTeam "Istanbul Teknik Uni"]
[WhiteTeamCountry "TUR"]
[BlackTeamCountry "TUR"]

1. d4 d5 2. c4 e6 3. Nc3 Nf6 4. Nf3 Be7 5. e3 0-0 6. cxd5 Nxd5 7. Bd3 c5 8. e4 Nxc3 9. bxc3 Nc6 10. d5 Bf6 11. 0-0 Bxc3 12. Bg5 f6 13. Rc1 Nd4 14. Be3 Nxf3+ 15. Qxf3 Bd4 16. Qg3 e5 17. Bxd4 cxd4 18. f4 Qd6 19. fxe5 fxe5 20. Rxf8+ Kxf8 21. Rf1+ Kg8 22. Qf3 Bd7 23. Qf7+ Kh8 24. Rf3 Rg8 25. h4 a5 26. h5 h6 27. Rg3 b5 28. Rg6 Qa3 29. Rg3 Be8 30. Qc7 Qxa2 31. Qxe5 Qa1+ 32. Kh2 Qd1 33. d6 Qd2 34. Qf5 Bxh5 35. Qxh5 Qf4 36. d7 a4 37. Qg6 Qe5 38. Bxb5 a3 39. Bc4 Rd8 40. Qe6 Qh5+ 41. Rh3 Qg5 42. Qe8+ Kh7 43. Bg8+ Kh8 44. Bf7+ Kh7 45. Bg6+ Qxg6 46. Qxd8 Qd6+ 47. Rg3 a2 48. Qa5 Qxd7 49. Qxa2 Qe7 50. Qe2 Qh4+ 51. Rh3 Qf4+ 52. Kg1 Qc1+ 53. Kf2 Qf4+ 54. Rf3 Qh4+ 55. Kg1 Qg5 56. e5 Qc1+ 57. Kh2 Qc5 58. Qe4+ Kh8 59. e6 d3 60. e7 Qh5+ 61. Kg1 Qc5+ 62. Qe3 d2 63. e8Q+ Kh7 64. Rf1 Qc4 65. Q3e4+ 1-0

[Event "TUR-chT 2nd League"]
[Site "Konya"]
[Date "2017.07.23"]
[Round "9.7"]
[White "Seyit, Ersel"]
[Black "Kurdas, Halil Ibrahim"]
[Result "1-0"]
[WhiteElo "1748"]
[BlackElo "1774"]
[PlyCount "65"]
[EventDate "2017.07.17"]
[EventType "team-swiss"]
[EventRounds "9"]
[EventCountry "TUR"]
[SourceTitle "EXT 2018"]
[Source "ChessBase"]
[SourceDate "2017.10.13"]
[SourceVersion "1"]
[SourceVersionDate "2017.10.13"]
[SourceQuality "1"]
[WhiteTeam "Corum Belediye"]
[BlackTeam "Kahramanmaras DSI "]
[WhiteTeamCountry "TUR"]
[BlackTeamCountry "TUR"]

1. e4 c5 2. Nf3 e6 3. d3 Nc6 4. g3 Qc7 5. Bg2 Nf6 6. 0-0 Be7 7. Nbd2 0-0 8. Re1 d6 9. c3 Re8 10. Nf1 Rb8 11. Bg5 b5 12. Ne3 b4 13. h4 bxc3 14. bxc3 h6 15. Bxf6 Bxf6 16. Qc2 Qa5 17. Rac1 Ba6 18. Ng4 Be7 19. Qd2 Bf8 20. e5 d5 21. Nfh2 Qb5 22. Bf1 h5 23. Nf6+ gxf6 24. exf6 Kh7 25. Qg5 Bh6 26. Qxh5 Rg8 27. Qxf7+ Kh8 28. Qh5 Kh7 29. Nf3 Ne7 30. Ng5+ Rxg5 31. hxg5 Nf5 32. gxh6 Rg8 33. Rxe6 1-0

[Event "TUR-chT 2nd League"]
[Site "Konya"]
[Date "2017.07.22"]
[Round "8.8"]
[White "Kurdas, Halil Ibrahim"]
[Black "Birol, Emir Efe"]
[Result "0-1"]
[WhiteElo "1774"]
[BlackElo "1462"]
[PlyCount "100"]
[EventDate "2017.07.17"]
[EventType "team-swiss"]
[EventRounds "9"]
[EventCountry "TUR"]
[SourceTitle "CBM 179 Extra"]
[Source "ChessBase"]
[SourceDate "2017.08.23"]
[SourceVersion "1"]
[SourceVersionDate "2017.08.23"]
[SourceQuality "1"]
[WhiteTeam "Kahramanmaras DSI "]
[BlackTeam "Antalya Calli"]
[WhiteTeamCountry "TUR"]
[BlackTeamCountry "TUR"]

1. Nf3 Nf6 2. b3 d6 3. Bb2 g6 4. g3 Bg7 5. Bg2 0-0 6. d4 Nbd7 7. Nbd2 c5 8. 0-0 cxd4 9. Bxd4 e5 10. Bb2 e4 11. Ng5 d5 12. c4 e3 13. Ndf3 exf2+ 14. Rxf2 h6 15. Nh3 dxc4 16. Ne5 Nxe5 17. Bxe5 Qxd1+ 18. Rxd1 Ng4 19. Bxg7 Nxf2 20. Nxf2 Kxg7 21. bxc4 Be6 22. Bxb7 Rab8 23. Bd5 Rfd8 24. Kg2 Bxd5+ 25. cxd5 f5 26. Kf3 Kf6 27. Rd4 Ke5 28. Ra4 g5 29. Rxa7 Rxd5 30. Ra6 Rd6 31. Nd3+ Ke6 32. Ra7 Kf6 33. a4 Rbb6 34. Nc5 g4+ 35. Kf2 Rbc6 36. Nd7+ Ke6 37. Nf8+ Kd5 38. a5 Ra6 39. Rf7 Rf6 40. Rxf6 Rxf6 41. Nd7 Ra6 42. Ke3 Rxa5 43. Kf4 Ke6 44. Nf8+ Ke7 45. Ng6+ Kf6 46. Nh4 Re5 47. Nxf5 Rxf5+ 48. Kxg4 Kg6 49. e4 h5+ 50. Kh4 Re5 0-1

[Event "TUR-chT 2nd League"]
[Site "Konya"]
[Date "2017.07.20"]
[Round "6.9"]
[White "Kurdas, Halil Ibrahim"]
[Black "Ilkimen, Mehmet Emre"]
[Result "1/2-1/2"]
[WhiteElo "1774"]
[BlackElo "1774"]
[PlyCount "148"]
[EventDate "2017.07.17"]
[EventType "team-swiss"]
[EventRounds "9"]
[EventCountry "TUR"]
[SourceTitle "CBM 179 Extra"]
[Source "ChessBase"]
[SourceDate "2017.08.23"]
[SourceVersion "1"]
[SourceVersionDate "2017.08.23"]
[SourceQuality "1"]
[WhiteTeam "Kahramanmaras DSI "]
[BlackTeam "Denizli Ihtisas"]
[WhiteTeamCountry "TUR"]
[BlackTeamCountry "TUR"]

1. Nf3 Nf6 2. b3 b6 3. g3 Bb7 4. Bg2 e6 5. Bb2 Be7 6. 0-0 0-0 7. c4 d6 8. d4 Nbd7 9. Nbd2 Ne4 10. Qc2 f5 11. d5 exd5 12. Nd4 Rf6 13. cxd5 Bxd5 14. Nxe4 fxe4 15. Bxe4 Bxe4 16. Qxe4 Rf7 17. Ne6 Qc8 18. Nxc7 Rb8 19. Nd5 Bf8 20. Rac1 Nc5 21. Qg2 Qe6 22. Nf4 Qe4 23. Rfd1 Qxg2+ 24. Kxg2 a5 25. f3 Rd7 26. Ba3 Rbb7 27. Nd5 Rf7 28. Nf4 Rfd7 29. Rd5 g6 30. Rcd1 Kf7 31. Nd3 Ke6 32. e4 Nxd3 33. R1xd3 Rbc7 34. Rd2 Be7 35. h4 Rb7 36. Kf2 Rbc7 37. f4 Rc6 38. e5 h5 39. R5d3 d5 40. Bxe7 Kxe7 41. Kf3 Ke6 42. g4 hxg4+ 43. Kxg4 Rc1 44. Rg3 b5 45. Rgg2 b4 46. Rc2 Rc7 47. Rxc1 Rxc1 48. Kg5 Rf1 49. Rg4 d4 50. Rg2 Kd5 51. Re2 Rg1+ 52. Kf6 Rf1 53. e6 Rxf4+ 54. Kg5 d3 55. Re5+ Kxe5 56. e7 Rf5+ 57. Kg4 Kd4 58. e8Q d2 59. Qxg6 d1Q+ 60. Kxf5 Qb1+ 61. Kg5 Qxa2 62. Qf6+ Kd5 63. Qf3+ Kd6 64. h5 Qd2+ 65. Kg6 Qc2+ 66. Kh6 Qd2+ 67. Kh7 Qd5 68. Qf4+ Ke7 69. Qe3+ Qe6 70. Qc5+ Kf7 71. Qg5 Kf8 72. Qg7+ Ke8 73. Qg6+ Qf7+ 74. Kh8 Ke7 1/2-1/2

[Event "Manavgat Turkey Cup"]
[Site "Manavgat"]
[Date "2016.02.03"]
[Round "7"]
[White "Goktas, Fahreddin"]
[Black "Kurdas, Halil Ibrahim"]
[Result "1-0"]
[WhiteElo "1641"]
[BlackElo "1856"]
[PlyCount "121"]
[EventDate "2016.01.30"]
[EventType "swiss"]
[EventRounds "11"]
[EventCountry "TUR"]
[SourceTitle "CBM 170 Extra"]
[Source "ChessBase"]
[SourceDate "2016.02.25"]
[SourceVersion "1"]
[SourceVersionDate "2016.02.25"]
[SourceQuality "1"]

1. e4 c5 2. Nf3 e6 3. e5 Nc6 4. Nc3 a6 5. d3 Qc7 6. Bf4 Nge7 7. Qe2 b5 8. h3 Bb7 9. Bh2 Rc8 10. Rg1 Nf5 11. 0-0-0 Qa5 12. Kb1 Ncd4 13. Nxd4 cxd4 14. Ne4 Bd5 15. b3 Ba3 16. Qd2 Bb4 17. Qc1 0-0 18. Bf4 Rc6 19. Bd2 Rfc8 20. Bxb4 Qxb4 21. Qd2 Qa3 22. Qc1 Qa5 23. Rd2 Qc7 24. g4 Nh4 25. Be2 Qxe5 26. Rf1 Bxe4 27. f4 Qd5 28. dxe4 Qxe4 29. Bd3 Qe3 30. Qd1 Ng6 31. Rf3 Nxf4 32. Rxe3 dxe3 33. Rh2 d5 34. Qf3 Nxd3 35. cxd3 d4 36. Qe4 Rc1+ 37. Kb2 Re1 38. Rc2 Rd8 39. b4 g6 40. g5 Rf1 41. h4 Rd5 42. Kb3 Rb1+ 43. Rb2 Rc1 44. Rc2 Rb1+ 45. Ka3 Rf1 46. Qg2 Rf4 47. Qh1 h5 48. Rc6 e2 49. Rc1 Rf2 50. Re1 Rdf5 51. Qe4 R5f4 52. Qe5 Kh7 53. Rxe2 Rf5 54. Qe4 R5f4 55. Rxf2 Rxf2 56. Qxd4 Rf3 57. Qe4 Rf5 58. Kb3 e5 59. a4 Kg7 60. a5 Kf8 61. Qa8+ 1-0

[Event "Manavgat Turkey Cup"]
[Site "Manavgat"]
[Date "2016.02.02"]
[Round "6"]
[White "Kurdas, Halil Ibrahim"]
[Black "Yelligedik, Murat"]
[Result "0-1"]
[WhiteElo "1856"]
[BlackElo "1936"]
[PlyCount "130"]
[EventDate "2016.01.30"]
[EventType "swiss"]
[EventRounds "11"]
[EventCountry "TUR"]
[SourceTitle "CBM 170 Extra"]
[Source "ChessBase"]
[SourceDate "2016.02.25"]
[SourceVersion "1"]
[SourceVersionDate "2016.02.25"]
[SourceQuality "1"]

1. e4 g6 2. d4 Bg7 3. Nc3 c5 4. Be3 cxd4 5. Bxd4 Nf6 6. Be2 Nc6 7. Be3 Qa5 8. Qd2 d6 9. f3 Be6 10. Nb5 Qxd2+ 11. Bxd2 Kd7 12. c4 Nh5 13. Bc3 Bxc3+ 14. Nxc3 Nd4 15. Rc1 Nxe2 16. Ncxe2 b5 17. cxb5 Bxa2 18. Nc3 Bc4 19. Nge2 e5 20. Nd5 Bxd5 21. exd5 Rhb8 22. Nc3 Nf4 23. Rc2 a6 24. bxa6 Rxa6 25. 0-0 Rab6 26. Rb1 Nd3 27. Ne4 Rxb2 28. Rcxb2 Rxb2 29. Rxb2 Nxb2 30. Kf2 Nd3+ 31. Kf1 Ke7 32. g3 Nc1 33. Nc3 Nb3 34. Ke2 Nd4+ 35. Ke3 f5 36. Na2 Kd7 37. Nb4 Kc7 38. f4 Nb3 39. Nc6 e4 40. h4 Kb6 41. h5 Na5 42. hxg6 hxg6 43. Ne7 Kc5 44. Nxg6 Nc4+ 45. Ke2 Kxd5 46. Ne7+ Ke6 47. Nc6 d5 48. Nd4+ Kf6 49. Nc2 Kg6 50. Nd4 Nd6 51. Kf2 Kh5 52. Ke3 Nc4+ 53. Ke2 Kg4 54. Kf2 Nb2 55. Ne2 Nd1+ 56. Ke1 Ne3 57. Nd4 Kxg3 58. Ke2 Kxf4 59. Nb3 Nc4 60. Nc5 d4 61. Ne6+ Ke5 62. Ng5 d3+ 63. Kd1 f4 64. Ke1 Kf5 65. Nh3 e3 0-1

[Event "Troya op 23rd"]
[Site "Canakkale"]
[Date "2015.08.11"]
[Round "5"]
[White "Kurdas, Halil Ibrahim"]
[Black "Suhail, Sokari"]
[Result "1-0"]
[WhiteElo "1644"]
[BlackElo "1984"]
[PlyCount "105"]
[EventDate "2015.08.08"]
[EventType "swiss"]
[EventRounds "9"]
[EventCountry "TUR"]
[SourceTitle "CBM 167 Extra"]
[Source "ChessBase"]
[SourceDate "2015.09.14"]
[SourceVersion "1"]
[SourceVersionDate "2015.09.14"]
[SourceQuality "1"]

1. e4 e5 2. f4 Nf6 3. Nf3 Nxe4 4. d3 Nc5 5. fxe5 d5 6. d4 Ne4 7. Bd3 Bf5 8. 0-0 Be7 9. Qe2 Bg6 10. c4 c6 11. cxd5 cxd5 12. Nc3 Nxc3 13. bxc3 Bxd3 14. Qxd3 0-0 15. Qf5 Qc8 16. Qd3 Nd7 17. Bg5 Qd8 18. Qf5 h6 19. e6 Nb6 20. Ne5 f6 21. Nf7 fxg5 22. Qg6 Qe8 23. Nxh6+ Kh8 24. Nf7+ Rxf7 25. exf7 Qc6 26. Qh5+ Qh6 27. Qxh6+ gxh6 28. Rae1 Bf8 29. Re8 Kg7 30. a4 a5 31. Rb1 Kxf7 32. Rxa8 Nxa8 33. Rxb7+ Be7 34. Kf2 Ke6 35. Ra7 Nb6 36. Rxa5 Bd8 37. Ra6 Kf5 38. Ra7 Nc4 39. Rd7 Ba5 40. Rxd5+ Ke4 41. Rc5 Kd3 42. Rc6 Bxc3 43. d5 Bd4+ 44. Kg3 h5 45. Re6 Be5+ 46. Rxe5 Nxe5 47. a5 Ke3 48. a6 h4+ 49. Kh3 Kf2 50. a7 g4+ 51. Kxh4 Kxg2 52. a8Q Kxh2 53. Qb8 1-0

[Event "Troya op 23rd"]
[Site "Canakkale"]
[Date "2015.08.09"]
[Round "3"]
[White "Kurdas, Halil Ibrahim"]
[Black "Donmez, Unal"]
[Result "1-0"]
[WhiteElo "1644"]
[BlackElo "1919"]
[PlyCount "123"]
[EventDate "2015.08.08"]
[EventType "swiss"]
[EventRounds "9"]
[EventCountry "TUR"]
[SourceTitle "CBM 167 Extra"]
[Source "ChessBase"]
[SourceDate "2015.09.14"]
[SourceVersion "1"]
[SourceVersionDate "2015.09.14"]
[SourceQuality "1"]

1. e4 e5 2. Nf3 Nc6 3. Bc4 Nf6 4. 0-0 Bc5 5. c3 Bb6 6. Re1 d6 7. h3 0-0 8. d4 Qe7 9. d5 Nb8 10. a4 a5 11. Nbd2 Nbd7 12. Nf1 Nh5 13. g3 Ndf6 14. Kg2 h6 15. Be3 Bxe3 16. Rxe3 g5 17. Ng1 Kh7 18. Be2 Ng7 19. Nh2 Rg8 20. Ng4 Ngh5 21. Kh2 Ng7 22. b4 axb4 23. cxb4 Nd7 24. Rc3 Ne8 25. Ne3 Ndf6 26. Bf3 Bd7 27. g4 c6 28. Qd3 cxd5 29. Nxd5 Nxd5 30. exd5+ Kg7 31. a5 Nf6 32. Re1 Rgc8 33. Re3 Kg8 34. Ne2 Qe8 35. Ng3 Rxc3 36. Qxc3 Rc8 37. Qd2 Rc4 38. Ne4 Nxe4 39. Rxe4 Qc8 40. Rxc4 Qxc4 41. Be2 Qb3 42. Bd3 Kg7 43. Bc2 Qf3 44. Bd1 Qf6 45. Qe3 Bb5 46. Kg2 Qg6 47. Bf3 Qb1 48. Qe4 Bd3 49. Qe3 e4 50. Be2 Bxe2 51. Qxe2 Qxb4 52. a6 bxa6 53. Qxa6 Qd4 54. Qxd6 Qc3 55. Qb6 Qf3+ 56. Kh2 Qf6 57. d6 Kh7 58. Kg1 Qf3 59. Qd4 Qf4 60. d7 Qc1+ 61. Kg2 Qc6 62. d8Q 1-0

[Event "Kemer Turkey Cup"]
[Site "Kemer"]
[Date "2014.02.02"]
[Round "2"]
[White "Kurdas, Halil Ibrahim"]
[Black "Koc, Serkan"]
[Result "0-1"]
[WhiteElo "1572"]
[BlackElo "1813"]
[PlyCount "116"]
[EventDate "2014.02.01"]
[EventType "swiss"]
[EventRounds "9"]
[EventCountry "TUR"]
[SourceTitle "CBM 158 Extra"]
[Source "ChessBase"]
[SourceDate "2014.02.28"]
[SourceVersion "1"]
[SourceVersionDate "2014.02.28"]
[SourceQuality "1"]

1. e4 c5 2. Nf3 d6 3. d4 cxd4 4. Nxd4 Nf6 5. Nc3 g6 6. Be2 Bg7 7. Be3 0-0 8. Qd2 Nc6 9. h3 a6 10. g4 Nxd4 11. Bxd4 b5 12. g5 Ne8 13. 0-0-0 e5 14. Be3 Be6 15. Kb1 f5 16. exf5 Bxf5 17. Qd5+ Rf7 18. Bg4 Rc8 19. Ne4 Qc7 20. Rc1 Qc4 21. Qxc4 Rxc4 22. Nd2 Bxg4 23. Nxc4 Bf3 24. Nb6 Bxh1 25. Rxh1 Rf5 26. Nd5 Kf7 27. h4 Ke6 28. Nb4 Nc7 29. h5 a5 30. Nc6 a4 31. hxg6 hxg6 32. Rh7 Ne8 33. c3 d5 34. Rh4 Kd7 35. Na7 Nd6 36. Rb4 d4 37. cxd4 exd4 38. Bxd4 Bxd4 39. Rxd4 Rxg5 40. Kc2 Kc7 41. Kc3 Rf5 42. f4 Rf6 43. Kb4 Rf5 44. b3 axb3 45. Kxb3 Nf7 46. Re4 Nd6 47. Rd4 Rc5 48. a4 Nf5 49. Rb4 bxa4+ 50. Kxa4 Kd7 51. Nb5 Ke6 52. Kb3 Rxb5 53. Rxb5 Nd4+ 54. Kc4 Nxb5 55. Kd3 Kf5 56. Ke3 Nc3 57. Kf3 Nd5 58. Kg3 Nxf4 0-1

[Event "TUR-ch"]
[Site "Antalya"]
[Date "2013.02.08"]
[Round "10"]
[White "Akin, Onur"]
[Black "Kurdas, Halil Ibrahim"]
[Result "1-0"]
[WhiteElo "1848"]
[BlackElo "1554"]
[PlyCount "57"]
[EventDate "2013.02.02"]
[EventType "swiss"]
[EventRounds "11"]
[EventCountry "TUR"]
[SourceTitle "CBM 152 Extra"]
[Source "ChessBase"]
[SourceDate "2013.02.25"]
[SourceVersion "1"]
[SourceVersionDate "2013.02.25"]
[SourceQuality "1"]

1. d4 d5 2. Nf3 Nf6 3. Bf4 Bf5 4. e3 e6 5. c3 Nbd7 6. Ne5 Be7 7. Nd2 0-0 8. Ndf3 c5 9. Bd3 Bg6 10. Nxg6 hxg6 11. Ne5 Rc8 12. h4 Re8 13. Qf3 c4 14. Bc2 b5 15. g4 Nf8 16. h5 Bd6 17. hxg6 Bxe5 18. gxf7+ Kxf7 19. dxe5 N8d7 20. exf6 Qxf6 21. g5 Ne5 22. gxf6 Nxf3+ 23. Ke2 e5 24. Kxf3 exf4 25. Kxf4 Kxf6 26. Rh5 Rf8 27. Rf5+ Ke6 28. Rxf8 Rxf8+ 29. Kg3 1-0

[Event "TUR-ch"]
[Site "Antalya"]
[Date "2013.02.06"]
[Round "7"]
[White "Ulusal, Mehmet Haci"]
[Black "Kurdas, Halil Ibrahim"]
[Result "0-1"]
[WhiteElo "1702"]
[BlackElo "1554"]
[PlyCount "53"]
[EventDate "2013.02.02"]
[EventType "swiss"]
[EventRounds "11"]
[EventCountry "TUR"]
[SourceTitle "CBM 152 Extra"]
[Source "ChessBase"]
[SourceDate "2013.02.25"]
[SourceVersion "1"]
[SourceVersionDate "2013.02.25"]
[SourceQuality "1"]

1. e4 c5 2. Ne2 d6 3. c4 Nf6 4. Nbc3 Nc6 5. d4 cxd4 6. Nxd4 Qb6 7. Nb3 a6 8. Be3 Qd8 9. Be2 Ne5 10. f3 Bd7 11. 0-0 Rc8 12. Nd5 Nxd5 13. cxd5 e6 14. f4 Nc4 15. Bxc4 Rxc4 16. Qd3 b5 17. dxe6 Bxe6 18. f5 Bd7 19. Nd2 Rc8 20. Bd4 Bc6 21. f6 g6 22. Rae1 Bh6 23. e5 0-0 24. e6 fxe6 25. Rxe6 Bd5 26. Re7 Rc7 27. Bb6 0-1

[Event "TUR-ch"]
[Site "Antalya"]
[Date "2013.02.05"]
[Round "6"]
[White "Kurdas, Halil Ibrahim"]
[Black "Aksoy, Atilla"]
[Result "0-1"]
[WhiteElo "1554"]
[BlackElo "1800"]
[PlyCount "82"]
[EventDate "2013.02.02"]
[EventType "swiss"]
[EventRounds "11"]
[EventCountry "TUR"]
[SourceTitle "CBM 152 Extra"]
[Source "ChessBase"]
[SourceDate "2013.02.25"]
[SourceVersion "1"]
[SourceVersionDate "2013.02.25"]
[SourceQuality "1"]

1. e4 c5 2. Nf3 e6 3. d4 cxd4 4. Nxd4 a6 5. c4 Qc7 6. a3 Nf6 7. Nc3 Be7 8. Be2 d6 9. Be3 Nbd7 10. 0-0 b6 11. b4 Bb7 12. f3 0-0 13. Rc1 Rac8 14. Nb3 Qb8 15. Na4 Bd8 16. Bf4 Bc7 17. Nc3 Rfe8 18. Qd2 Nh5 19. Be3 d5 20. f4 Nhf6 21. cxd5 exd5 22. e5 Nxe5 23. fxe5 Bxe5 24. Bd4 Bxh2+ 25. Kh1 Rxc3 26. Rxc3 Ne4 27. Qc2 Nxc3 28. Bxc3 d4 29. Nxd4 Qg3 30. Bf3 Bc8 31. Be1 Qf4 32. Qc6 Rd8 33. Bf2 f6 34. Qxb6 Rf8 35. Bd5+ Kh8 36. Qc5 Rd8 37. Nc6 Qh6 38. Bf3 Be5+ 39. Bh4 Qxh4+ 40. Kg1 Bh2+ 41. Kh1 Bg3+ 0-1